Tilastot visalle Saksa-visa

Klikkaa tästä pelataksesi tätä visaa!

Yleistilastot

  • Tätä visaa on pelattu 780 kertaa
  • Keskiarvotulos 12 / 20

Vastaustilastot

VihjeVastaus% Oikein
PääkaupunkiBerliini
99%
"Saksa" saksaksiDeutschland
80%
Saksan vastine pääministerilleKansleri
73%
Aikaisempi rahayksikköSaksan markka
72%
"Makkara" saksaksiWurst
68%
Jalkapallon pääsarjaBundesliiga
66%
Münchenin olutfestivaaliOktoberfest
66%
Vaakunassa oleva eläinKotka
66%
FinanssikeskusFrankfurt
63%
Saksan moottoritieverkostoAutobahn
63%
Pisimmät joet SaksassaRein
59%
Satuja keränneet veljeksetGrimmin veljekset
59%
Kansallinen lentoyhtiöLufthansa
57%
Pisimmät joet SaksassaTonava
46%
Suurin ei-saksalainen etninen ryhmäTurkkilaiset
45%
München on tämän osavaltion pääkaupunkiBaijeri
43%
Länsi-Saksan pääkaupunki vuosina
1949 - 1990
Bonn
41%
Fredrik Suuren hallitsema saksalainen valtioPreussi
37%
Pisimmät joet SaksassaElbe
32%
Saksan parlamentin nimiBundestag
20%

Tulosjakauma

Persentiili vastausten määrän mukaan

Jokaisen tuloksen saaneiden osuus

Tuloshistoriasi

Et ole pelannut tätä visaa